O guarani (Record no. 56422)

MARC details
000 -LÍDER
campo de controle de tamanho fixo 00344 a2200169 4500
001 - NÚMERO DE CONTROLE
campo de controle 56422
020 ## - ISBN - INTERNATIONAL STANDARD BOOK NUMBER
ISBN - International Standard Book Number 8526247271
040 ## - FONTE DA CATALOGAÇÃO
Instituição que transcreveu o registro Anchieta - Pituba
100 ## - ENTRADA PRINCIPAL--NOME PESSOAL
Nome pessoal Alencar, José de
240 10 - TÍTULO UNIFORME
Título uniforme O guarani
Idioma da obra por
245 10 - TÍTULO
Título O guarani
300 ## - DESCRIÇÃO FÍSICA
Extensão 87
362 0# - DATAS DE PUBLICAÇÃO E/OU DESIGNAÇÃO SEQUENCIAL
Datas de publicação e/ou designação sequencial 2003
440 #1 - DECLARAÇÃO DE SÉRIE/ENTRADA ADICIONADA--TÍTULO
Título Scipione
650 #4 - ASSUNTO--TERMO TÓPICO
Cabeçalho tópico ou nome geográfico Literatura juvenil
942 ## - ELEMENTOS DE ENTRADA ADICIONADOS (KOHA)
Tipo de material Koha Livros
Holdings
Situação do descarte Situação das perdas Situação física Não pode ser emprestado Biblioteca de origem Biblioteca atual Data de aquisição Total de empréstimos Código de barras Data de último acesso Data do preço efetivo Tipo de material Koha Número de chamada completo
        Colégio Anchieta - Pituba Colégio Anchieta - Pituba 21/11/2023   5851/PIT 21/11/2023 21/11/2023 Livros  
        Colégio Anchieta - Pituba Colégio Anchieta - Pituba 21/11/2023   5852/PIT 21/11/2023 21/11/2023 Livros  
        Colégio Anchieta - Pituba Colégio Anchieta - Pituba 21/11/2023   17918/PIT 21/11/2023 21/11/2023 Livros 869.93 A368g ALE GUA
        Colégio Anchieta - Pituba Colégio Anchieta - Pituba 21/11/2023   17925/PIT 21/11/2023 21/11/2023 Livros 869.93 A368g ALE GUA
        Colégio Anchieta - Pituba Colégio Anchieta - Pituba 21/11/2023   17926/PIT 21/11/2023 21/11/2023 Livros 869.93 A368g ALE GUA
        Colégio Anchieta - Pituba Colégio Anchieta - Pituba 21/11/2023   23813/PIT 21/11/2023 21/11/2023 Livros LJ 028.5 P167g PAL GUA
        Colégio Anchieta - Pituba Colégio Anchieta - Pituba 21/11/2023   23814/PIT 21/11/2023 21/11/2023 Livros LJ 028.5 P167g PAL GUA